000 00666nam a22001817a 4500
003 JO-AjAnu
005 20231202142344.0
008 231202b jo ||||| |||| 00| 0 ara d
040 _aJO-AjAnu
_bARA
_cJO-AjAnu
041 _aARA
050 _aDS154.52.
_aM33.A3
_a2003
100 _aالمجالي، عبد السلام
_964572
_e[مؤلف]
245 0 0 _aرحلة العمر من بيت الشعر الى سدة الحكم /
_cعبد السلام المجالي
260 _c2003
_aعمان،
300 _a376صفحة
650 0 _aالسياسيون الاردنيون- تراجم- عبد السلام المجالي- يوميات
_964576
942 _2lcc
_cBK
_n0
999 _c33215
_d33215